George Best Belfast City Airport Destinations (Belfast, UK) - Statistics

General Stats
  • This quiz has been taken 94 times
    49 since last reset
  • The average score is 18 of 26
Answer Stats
Airline Destination % Correct
KLM Amsterdam
100%
Aer Lingus Birmingham
100%
British Airways London (City)
100%
easyJet London (Gatwick)
100%
British Airways London (Heathrow)
100%
easyJet London (Luton)
100%
Aer Lingus Edinburgh
96%
Aer Lingus/easyJet Glasgow
96%
Aer Lingus Leeds/Bradford
91%
Aer Lingus/easyJet Manchester
91%
Loganair Aberdeen
87%
easyJet Liverpool
87%
easyJet Bristol
78%
easyJet Alicante
74%
Loganair Inverness
74%
Aer Lingus Cardiff
70%
Aer Lingus Southampton
70%
Aer Lingus East Midlands
61%
British Airways/easyJet Palma de Mallorca
57%
Loganair Dundee
52%
Aer Lingus Newquay
43%
Aer Lingus Exeter
35%
Loganair Kirkwall
26%
Loganair Sumburgh
26%
British Airways Bologna
17%
Aer Lingus Verona
13%
No matching quizzes found
Score Distribution
Percent of People with Each Score
Percentile by Number Answered
Your Score History
You have not taken this quiz since the last reset